| 000 | 004510000a22001570004500 | ||
|---|---|---|---|
| 003 | MACL | ||
| 005 | 20180225151454.0 | ||
| 008 | 180225b xxu||||| |||| 00| 0 eng d | ||
| 040 | _cmacl | ||
| 100 |
_aटाॅलस्टॉय _940124 |
||
| 245 | _aदो हुस्सार | ||
| 260 |
_bएक्सन प्रकाशन _c2008 |
||
| 350 | _a125 | ||
| 650 |
_aउपन्यास _970738 |
||
| 942 |
_cHIN _k891.433/TOL/N _2ddc |
||
| 999 |
_c22738 _d22738 |
||